Samara taraṅga. (Record no. 81726)

MARC details
000 -LEADER
fixed length control field 00699cam a22002411 4500
001 - CONTROL NUMBER
control field sa 68007222
003 - CONTROL NUMBER IDENTIFIER
control field DLC
005 - DATE AND TIME OF LATEST TRANSACTION
control field 20260227112521.0
008 - FIXED-LENGTH DATA ELEMENTS--GENERAL INFORMATION
fixed length control field 880621s1968 ii 000 0dorix
010 ## - LIBRARY OF CONGRESS CONTROL NUMBER
LC control number sa 68007222
025 ## - OVERSEAS ACQUISITION NUMBER
Overseas acquisition number PL480:I-0-895
035 ## - SYSTEM CONTROL NUMBER
System control number (OCoLC)20043925
040 ## - CATALOGING SOURCE
Original cataloging agency DLC
Transcribing agency NN
Modifying agency DLC
042 ## - AUTHENTICATION CODE
Authentication code premarc
050 00 - LIBRARY OF CONGRESS CALL NUMBER
Classification number PK2579.B73
Item number S2 1968
245 10 - TITLE STATEMENT
Title Samara taraṅga.
Statement of responsibility, etc. [Lekhaka] Brajanātha Baḍajena. Sampādakā: Debendra Mahānti.
260 ## - PUBLICATION, DISTRIBUTION, ETC.
Place of publication, distribution, etc. [Kataka]
Name of publisher, distributor, etc. Phrésyasa Pabliśars
Date of publication, distribution, etc. [1968]
300 ## - PHYSICAL DESCRIPTION
Extent 104 p.
Dimensions 19 cm.
500 ## - GENERAL NOTE
General note In Oriya.
500 ## - GENERAL NOTE
General note A poem.
500 ## - GENERAL NOTE
General note Includes biographical information about the author.
700 1# - ADDED ENTRY--PERSONAL NAME
Personal name Mahanti, Debendra.

No items available.

Powered by Koha